000 00602nam a22001937a 4500
999 _c16733
_d16733
003 OSt
005 20180514142927.0
008 180320b xxu||||| |||| 00| 0 eng d
020 _a8121923069
040 _cKABU
050 _aHF 5635
_b.L35 2014 C.1
100 _aLal, Jawahar
245 _aFinancial Accounting
_bPrinciples and Practices
_cJawahar Lal and Seema Srivastava
250 _b3rd Revised ed.
260 _aNew Delhi
_bS. Chand and Company PVT ltd
_c2014
300 _avii, 21.49p
700 _aSeema Srivastava
942 _2lcc
_cBK
_hHF 5635
_i.L35 2014 C.1